High-power lasers : (Record no. 170118)

MARC details
000 -LEADER
fixed length control field 01203nam a2200337ia 4500
008 - FIXED-LENGTH DATA ELEMENTS--GENERAL INFORMATION
fixed length control field
020 ## - INTERNATIONAL STANDARD BOOK NUMBER
International Standard Book Number 1851662340 (Hardback)
040 ## - CATALOGING SOURCE
Original cataloging agency NUST
Transcribing agency NUST
090 0# - LOCALLY ASSIGNED LC-TYPE CALL NUMBER (OCLC); LOCAL CALL NUMBER (RLIN)
Classification number (OCLC) (R) ; Classification number, CALL (RLIN) (NR) TA1677
Local cutter number (OCLC) ; Book number/undivided call number, CALL (RLIN) HIG
003 - CONTROL NUMBER IDENTIFIER
control field
005 - DATE AND TIME OF LATEST TRANSACTION
control field 20230123141236.0
049 ## - LOCAL HOLDINGS (OCLC)
Holding library MAIN
245 00 - TITLE STATEMENT
Title High-power lasers :
Remainder of title improvements and applications : a literature study /
Statement of responsibility, etc. edited by Judith Sigmond and Marten Terpstra
260 0# - PUBLICATION, DISTRIBUTION, ETC.
Place of publication, distribution, etc. London ;
-- New York :
Name of publisher, distributor, etc. Elsevier Applied Science,
Date of publication, distribution, etc. c1988
263 ## - PROJECTED PUBLICATION DATE
Projected publication date 8805
300 ## - PHYSICAL DESCRIPTION
Extent ix, 226 p. :
Other physical details illustrated ;
Dimensions 23 cm
336 ## - CONTENT TYPE
Content type term text
Content type code txt
Source rdacontent
337 ## - MEDIA TYPE
Media type term unmediated
Media type code n
Source rdamedia
338 ## - CARRIER TYPE
Carrier type term volume
Carrier type code nc
Source rdacarrier
500 ## - GENERAL NOTE
General note Includes index
504 ## - BIBLIOGRAPHY, ETC. NOTE
Bibliography, etc. note Includes bibliographical references
650 #0 - SUBJECT ADDED ENTRY--TOPICAL TERM
Topical term or geographic name entry element High power lasers
650 #0 - SUBJECT ADDED ENTRY--TOPICAL TERM
Topical term or geographic name entry element High power lasers
General subdivision Industrial applications
650 #0 - SUBJECT ADDED ENTRY--TOPICAL TERM
Topical term or geographic name entry element High power lasers
General subdivision Patents
650 #0 - SUBJECT ADDED ENTRY--TOPICAL TERM
Topical term or geographic name entry element High power lasers
General subdivision Industrial applications
-- Patents
700 10 - ADDED ENTRY--PERSONAL NAME
Personal name Sigmond, Judith
700 10 - ADDED ENTRY--PERSONAL NAME
Personal name Terpstra, Marten
710 20 - ADDED ENTRY--CORPORATE NAME
Corporate name or jurisdiction name as entry element Commission of the European Communities.
Subordinate unit Technological Information and Patents Division
907 ## - LOCAL DATA ELEMENT G, LDG (RLIN)
a .b10416511
b 22-03-22
c 22-03-22
942 ## - ADDED ENTRY ELEMENTS (KOHA)
Koha item type Ordinary Loan Books
Call number prefix TA1677
Call number suffix HIG
Holdings
Date last seen Total Checkouts Full call number Barcode Cost, replacement price Price effective from Koha item type Lost status Source of classification or shelving scheme Damaged status Not for loan Collection Withdrawn status Home library Current library Shelving location Date acquired Cost, normal purchase price
01/23/2023   TA1677 HIG 92003017427 80.00 01/23/2023 BOOKS   LCC     NFIC   MAIN MAIN GEN 01/23/2023 80.00